World financial centres : Report of the offshore banking survey misson '82
Đã lưu trong:
| Formáid: | Leabhar |
|---|---|
| Teanga: | Undetermined |
| Foilsithe: |
Tokyo
Institute for Financial Affairs Inc.
1982
|
| Ábhair: | |
| Clibeanna: |
Cuir Clib Leis
Gan Chlibeanna, Bí ar an gcéad duine leis an taifead seo a chlibeáil!
|
| Thư viện lưu trữ: | Trung tâm Học liệu Trường Đại học Cần Thơ |
|---|
| LEADER | 00511nam a2200169Ia 4500 | ||
|---|---|---|---|
| 001 | CTU_98546 | ||
| 008 | 210402s9999 xx 000 0 und d | ||
| 082 | |a 332 | ||
| 082 | |b W927 | ||
| 245 | 0 | |a World financial centres : | |
| 245 | 0 | |b Report of the offshore banking survey misson '82 | |
| 260 | |a Tokyo | ||
| 260 | |b Institute for Financial Affairs Inc. | ||
| 260 | |c 1982 | ||
| 650 | |a Financial institutions,International finance | ||
| 904 | |i Năm | ||
| 980 | |a Trung tâm Học liệu Trường Đại học Cần Thơ | ||